Island & Country Match-Up Quiz Stats

 Plays Quiz Updated Jun 9, 2015

Challenge
Share
Tweet
Score 0/20 Timer 04:00
30 Plays Today
% Correct
Hawai'i
97.8%
Sicily
97%
Crete
95.4%
Greenland
93.1%
Tasmania
93.1%
Isle of Wight
92.7%
Hokkaido
92.3%
Corsica
87.2%
Baffin Island
86.6%
Sumatra
83.8%
% Correct
Hainan
73.9%
Spitsbergen
69.1%
Gotland
64.4%
Luzon
57.7%
Heligoland
55.3%
Sakhalin
53.7%
Niue
43.1%
Saaremaa
37.5%
Gozo
35.5%
Socotra
30.7%

You're not logged in!

Compare scores with friends on all Sporcle quizzes.
OR
Log In

You Might Also Like...

Show Comments

Extras

Top Quizzes Today


Score Distribution

Your Account Isn't Verified!

In order to create a playlist on Sporcle, you need to verify the email address you used during registration. Go to your Sporcle Settings to finish the process.

Report this User

Report this user for behavior that violates our Community Guidelines.

Details: